| 000 | 00534nam a22001817a 4500 | ||
|---|---|---|---|
| 999 |
_c17572 _d17572 |
||
| 003 | AR-CdUCM | ||
| 008 | 190509b ||||| |||| 00| 0 spa d | ||
| 040 |
_aMUNICIPALIDAD PROVINCIAL DEL CUSCO _cBIBLIOTECA MUNICIPAL DEL CUSCO |
||
| 082 |
_a108 / _bB66 |
||
| 100 |
_aBoecio _937663 |
||
| 245 | _aLa consolación de la Filosofia / | ||
| 260 |
_aBuenos Aires : _bAguiar, _c1964. |
||
| 300 |
_a202 páginas ; _c16 cm. |
||
| 505 | _aLa consolación de la filosofia. | ||
| 650 |
_aFilosofia. _9395 |
||
| 942 |
_2ddc _cLIBROS |
||
| 945 | _awfj | ||